| 000 | 01641nam a2200361 a 4500 | ||
|---|---|---|---|
| 001 | ebr10563480 | ||
| 003 | CaPaEBR | ||
| 006 | m u | ||
| 007 | cr cn||||||||| | ||
| 008 | 120611s2012 si a sb 101 0 eng d | ||
| 020 | _z9814365114 | ||
| 020 | _z9789814365116 | ||
| 020 | _z9789814365123 (e-book) | ||
| 040 |
_aCaPaEBR _cCaPaEBR |
||
| 035 | _a(OCoLC)797851805 | ||
| 050 | 1 | 4 |
_aQA169 _b.I58 2010eb |
| 111 | 2 |
_aInternational Conference on Operads and Universal Algebra _d(2010 : _cTianjin, China) |
|
| 245 | 1 | 0 |
_aOperads and universal algebra _h[electronic resource] : _bproceedings of the International Conference on Operads and Universal Algebra, Tianjin, China, 5-9 July 2010 / _cedited by Chengming Bai, Li Guo, Jean-Louis Loday. |
| 260 |
_aSingapore : _bWorld Scientific Pub. Co., _c2012. |
||
| 300 |
_axviii, 299 p. : _bill. |
||
| 490 | 1 |
_aNankai series in pure, applied mathematics and theoretical physics ; _vv. 9 |
|
| 504 | _aIncludes bibliographical references and indexes. | ||
| 533 |
_aElectronic reproduction. _bPalo Alto, Calif. : _cebrary, _d2013. _nAvailable via World Wide Web. _nAccess may be limited to ebrary affiliated libraries. |
||
| 650 | 0 |
_aOperads _vCongresses. |
|
| 650 | 0 |
_aAlgebra, Universal _vCongresses. |
|
| 655 | 7 |
_aElectronic books. _2local |
|
| 700 | 1 | _aBai, Chengming. | |
| 700 | 1 | _aGuo, Li. | |
| 700 | 1 | _aLoday, Jean-Louis. | |
| 710 | 2 | _aebrary, Inc. | |
| 830 | 0 |
_aNankai series in pure, applied mathematics and theoretical physics ; _vv. 9. |
|
| 856 | 4 | 0 |
_uhttp://site.ebrary.com/lib/rucke/Doc?id=10563480 _zAn electronic book accessible through the World Wide Web; click to view |
| 999 |
_c203254 _d203254 |
||